|
|
|
|
| LEADER |
00000nam a2200000 a 4500 |
| 001 |
UCX8510 |
| 003 |
CL-VaPUC |
| 008 |
940407e19930000CL |||||||||||||||||spa|d |
| 082 |
0 |
4 |
|a 668.65
|b LIF
|2 21
|
| 100 |
|
|
|a Lifschitz Alvarado, Mónica O.
|e autora
|9 776797
|
| 110 |
2 |
|
|a Asociación Nacional de Fabricantes e Importadores de Plaguicidas Agrícolas A.G
|e author
|9 325647
|
| 245 |
1 |
0 |
|a Manual fitosanitario: 1993-1994
|
| 300 |
|
|
|a 623 p
|
| 942 |
|
|
|c BK
|
| 945 |
|
|
|d 19940407 00:00:00
|a mfernand
|
| 260 |
|
|
|a Santiago
|b Gredos
|c 1993
|
| 650 |
|
7 |
|a PLAGUICIDAS MANUALES
|2 CL-VaPUC
|9 325648
|
| 650 |
|
7 |
|a PRODUCTOS QUIMICOS AGRICOLAS MANUALES
|2 CL-VaPUC
|9 325649
|
| 583 |
|
|
|a last modification
|c 19940407 00:00:00
|k Rodrigo Vera
|
| 999 |
|
|
|c 227988
|d 227986
|